| 000 | 00976nam a22002537a 4500 | ||
|---|---|---|---|
| 003 | OSt | ||
| 005 | 20260423004930.0 | ||
| 008 | 250728b |||||||| |||| 00| 0 eng d | ||
| 020 | _a9781483340081 | ||
| 040 |
_aDWCL-Main lib _cOC |
||
| 082 | _aCirc. 616.891 Z93c 2016 | ||
| 100 | _aZubernis, Lyn | ||
| 245 |
_aCase conceptualization and effective interventions : _b assessing and treating mental, emotional and behavioral disorders/ _cLyn Zubernis |
||
| 260 |
_aThousand Oaks, California : _bSAGE Publications, _cc2016. |
||
| 300 |
_axx, 251 pages : _billustrations ; _c 23 cm. |
||
| 504 | _aIncludes bibliographical references | ||
| 650 | _a1. Counseling. | ||
| 650 | _a2. Mental illness--Diagnosis--Case studies. | ||
| 650 | _a3. Counseling--Case Reports. | ||
| 650 | _a4. Mental Disorders--diagnosis--Case Reports. | ||
| 650 | _a5. Mental Disorders--therapy--Case Reports. | ||
| 650 | _a6. Mental illness--Diagnosis. | ||
| 942 |
_2ddc _cBK-CIRC _kCirc. _n0 |
||
| 999 |
_c3841 _d3841 |
||